| 000 | 00000nam##2200000za#4500 |
| 001 | 9.695773 |
| 003 | CaOODSP |
| 005 | 20210624234728 |
| 007 | cr ||||||||||| |
| 008 | 150407|2002||||xxc|||||o f|0| 0 eng|d |
| 040 | |aCaOODSP|beng |
| 043 | |an-cn--- |
| 086 | 1 |aCP22-65/2002E-PDF |
| 110 | 1 |aCanada. |bPrivy Council Office. |
| 245 | 12|aA guide for ministers and secretaries of state |h[electronic resource] |
| 260 | |aOttawa - Ontario : |bPrivy Council Office |cc2002. |
| 300 | |a52p.|breferences |
| 500 | |aThe catalogue number (CP22-65/2002) and ISBN (0-662-66566-X) for the bilingual print edition have been incorrectly copied in this electronic publication. |
| 590 | |a12-14-Supp|b2012-04-10 |
| 690 | 07|aMinisters|2gcpds |
| 690 | 07|aFederal government|2gcpds |
| 690 | 07|aGovernance|2gcpds |
| 690 | 07|aPublic administration|2gcpds |
| 775 | 08|tLe guide du ministre et du secrétaire d'état |w(CaOODSP)9.639895 |
| 776 | 0#|tA guide for ministers and secretaries of state |w(CaOODSP)9.663741 |
| 776 | 0#|tLe guide du ministre et du secrétaire d'État |w(CaOODSP)9.663742 |
| 856 | 40|ahttp://publications.gc.ca|qPDF|s239 KB|uhttps://publications.gc.ca/collections/Collection/CP22-65-2002E.pdf |